America's struggle against poverty in the twentieth century (Record no. 167809)
[ view plain ]
| 000 -LEADER | |
|---|---|
| fixed length control field | 01538nam a2200361Ia 4500 |
| 100 1# - MAIN ENTRY--AUTHOR NAME | |
| Personal name | Patterson, James T. |
| 245 10 - TITLE STATEMENT | |
| Title | America's struggle against poverty in the twentieth century |
| 250 ## - EDITION STATEMENT | |
| Edition statement | New ed. |
| 260 ## - PUBLICATION, DISTRIBUTION, ETC. (IMPRINT) | |
| Place of publication | Cambridge, MA : |
| Name of publisher | Harvard University Press, |
| Year of publication | 2000. |
| 300 ## - PHYSICAL DESCRIPTION | |
| Number of Pages | xiv, 312 p. |
| 500 ## - GENERAL NOTE | |
| General note | Rev. ed of: America's struggle against poverty, 1900-1994. c1994. |
| 650 #0 - SUBJECT ADDED ENTRY--TOPICAL TERM | |
| Topical Term | Public welfare |
| Topical Term | Poverty |
| 700 1# - ADDED ENTRY--PERSONAL NAME | |
| Personal name | Patterson, James T. |
| 856 40 - ELECTRONIC LOCATION AND ACCESS | |
| Uniform Resource Identifier | http://site.ebrary.com/lib/rucke/Doc?id=10315843 |
No items available.
